00533nam a22001577a 450000500170000000800410001702000270005804100130008508200140009810000400011224500970015225000190024926000480026830000340031665000250035020231109093709.0231109b |||||||| |||| 00| 0 eng d a070212172 ; 0702121738 aEnglish  a346.2 FAR aLubbe, GF and Murray, CM lEnglish  aFarlam and Hathaway Contract : bCases, Materials and Commentary / cGF Lubbe and CM Murray  aThird Edition  aCape Town : bJuta and Company Ltd, c1988  bxxxvii, 788 pages ; c26 cm.  aLegal practice bLaw